000 01313nam a2200265Ia 4500
003 Ost
005 20260507075339.0
008 260507s9999||||xx |||||||||||||| ||und||
020 _a16906899579
040 _cfsecg
041 _aara
082 _a330
100 _aشقيري، نوري موسى
_eمؤلف
245 0 _aالتمويل الدولي ونظريات التجارة الخارجية /
_c نوري موسى شقيري
250 _aطبعة 2
260 _aعمان:
_bدار المسيرة للنشر والتوزيع,
_c2012
300 _a261 صفحة؛
_bإيضاحات ؛
_c24 سم
504 _aالمراجع ص.261 (اقتناءات 2014 3ن) (اقتناءات 2015 25ن)
520 _aماهية التجارة الدولية -نظريات التجارة الدولية -النماذج والنظريات الحديثة في التجارة الدولية -العملات الاجنبية -انظمة اسعار الصرف -ميزان المدفوعات -منظمات مالية دولية -المحافظ الدولية والمشتقات
653 _aالاستثمار الدولي
653 _aالتجارة الخارجية
653 _aالتمويل الدولي
700 _aالحنيطي، محمد عبد الرزاق
_eمؤلف ثانوي
942 _cكتاب
999 _c44075
_d44075